عرض عادي
عرض مارك
- Mosley, Francis.
مدخل إسم شخص
001 - رقم الضبط
- حقل الضبط: 6811
003 - معرف رقم الضبط
- حقل الضبط: OSt
005 - تاريخ ووقت أخر عملية
- حقل الضبط: 20111203114347.0
008 - عناصر بيانات ثابتة الطول
- حقل تحكم ثابت الطول: 111203|||a|||||| | ||| d
040 ## - مصدر الفهرسة
- هيئة الفهرسة الأصلية: OSt
- وكالة الكتابة: OSt
100 ## - مدخل -- أسم شخص
- إسم شخص: Mosley, Francis.
670 ## - بيانات المصدر موجوده
- الاستشهاد بالمصدر: Work cat.: (OSt)20230: Conrad, Joseph, 1857-1924 6808, An outcast of the islands /, 2003.
